| Tag |
First Indicator |
Second Indicator |
Subfields |
| LEADER |
00000cam a2200000 a 4500 |
| 001 |
in00000537421 |
| 005 |
20151013163728.0 |
| 008 |
830713s1980 be a b 00110 fre d |
| 020 |
|
|
|a 2803100258
|
| 035 |
|
|
|a (OCoLC)09699200
|
| 035 |
|
|
|9 ACG8439AM
|
| 040 |
|
|
|a WHE
|c WHE
|d TXA
|d UtOrBLW
|
| 041 |
0 |
|
|a fre
|a fro
|
| 049 |
|
|
|a TXAM
|c 1 [1634474], 2 [1634911]
|
| 090 |
|
|
|a AS242
|b .B325 t.65, fasc.2
|
| 100 |
1 |
|
|a Bodel, Jean,
|d active 12th century.
|
| 245 |
1 |
3 |
|a Le jeu de saint Nicolas /
|c de Jehan Bodel ; introduction, edition, traduction, notes, glossaire complet, tables par Albert Henry.
|
| 250 |
|
|
|a 3e ed. remaniee.
|
| 264 |
|
1 |
|a Bruxelles :
|b Palais des Academies,
|c 1980.
|
| 300 |
|
|
|a 473 pages ;
|c 25 cm.
|
| 336 |
|
|
|a text
|b txt
|2 rdacontent
|
| 337 |
|
|
|a unmediated
|b n
|2 rdamedia
|
| 338 |
|
|
|a volume
|b nc
|2 rdacarrier
|
| 490 |
1 |
|
|a Memoires de la Classe des lettres. Collection in-8 ;
|v 2 ser., t. 65, fasc. 2
|
| 500 |
|
|
|a Includes indexes.
|
| 504 |
|
|
|a Bibliography: pages [13]-27.
|
| 700 |
1 |
|
|a Henry, Albert,
|d 1910-2002.
|
| 830 |
|
0 |
|a Mémoires de la Classe des lettres.
|p Collection in-8o ;
|v 2e sér., t. 65, fasc. 2.
|
| 999 |
|
|
|a MARS
|
| 999 |
f |
f |
|s daeab32d-3b38-31d0-a110-ca0ee9fb3c60
|i 7a10b205-865e-35f7-b413-7fdcf9b2a1cd
|t 0
|
| 952 |
f |
f |
|p normal
|a Texas A&M University
|b J.J. Pickle Campus
|c High Density Repository
|s HDR
|d Remote Storage
|t 0
|e AS242 .B325 t.65, fasc.2
|h Library of Congress classification
|i unmediated -- volume
|m A14808155131
|
| 998 |
f |
f |
|a AS242 .B325 t.65, fasc.2
|t 0
|l Remote Storage
|